The noble scholar, jurist, historian


 His Excellency Dr. Abdul Wahhab bin Ibrahim Abu Sulaiman, may Allah have mercy on him.


 He was born in Umm Al-Qura in the year 1356 AH.

الفتاوى الطرسوسية، أو، أنفع الوسائل إلى تحرير المسائل / (Record no. 14102)

MARC details
000 -LEADER
fixed length control field 02603cam a22002891i 4500
003 - CONTROL NUMBER IDENTIFIER
control field SA-RiAUC
005 - DATE AND TIME OF LATEST TRANSACTION
control field 20260119130207.0
008 - FIXED-LENGTH DATA ELEMENTS--GENERAL INFORMATION
fixed length control field 260108s1926 ua g 000 0 ara c
040 ## - CATALOGING SOURCE
Original cataloging agency SD-OmOIU
Language of cataloging ara
Transcribing agency SA-RiAUC.
Description conventions rda
082 04 - DEWEY DECIMAL CLASSIFICATION NUMBER
Classification number 259.1
Assigning agency SA-RiAUC
090 ## - LOCALLY ASSIGNED LC-TYPE CALL NUMBER (OCLC); LOCAL CALL NUMBER (RLIN)
Classification number (OCLC) (R) ; Classification number, CALL (RLIN) (NR) م ن 259.1
Local cutter number (OCLC) ; Book number/undivided call number, CALL (RLIN) ط ر س
100 1# - MAIN ENTRY--PERSONAL NAME
Personal name الطرسوسي، إبراهيم بن علي بن أحمد،
Dates associated with a name 721-758 هجري
Relator term مؤلف.
245 12 - TITLE STATEMENT
Title الفتاوى الطرسوسية، أو، أنفع الوسائل إلى تحرير المسائل /
Statement of responsibility, etc. نجم الدين إبراهيم بن علي بن أحمد الطرسوسي ؛ مراجعة مصطفى محمد خفاجي.
246 33 - VARYING FORM OF TITLE
Title proper/short title أنفع الوسائل إلى تحرير المسائل
264 #1 - PRODUCTION, PUBLICATION, DISTRIBUTION, MANUFACTURE, AND COPYRIGHT NOTICE
Place of production, publication, distribution, manufacture [مكان النشر غير محدد] :
Name of producer, publisher, distributor, manufacturer [الناشر غير محدد]،
Date of production, publication, distribution, manufacture, or copyright notice 1926
264 #3 - PRODUCTION, PUBLICATION, DISTRIBUTION, MANUFACTURE, AND COPYRIGHT NOTICE
Place of production, publication, distribution, manufacture القاهرة :
Name of producer, publisher, distributor, manufacturer مطبعة التراث
300 ## - PHYSICAL DESCRIPTION
Extent 355 صفحة ؛
Dimensions 24 سم
336 ## - CONTENT TYPE
Content type term نص
Content type code txt
Source rdacontent
Materials specified كتاب
337 ## - MEDIA TYPE
Media type term بدون وسيط
Media type code n
Source rdamedia
338 ## - CARRIER TYPE
Carrier type term مجلد
Carrier type code nc
Source rdacarrier
650 #7 - SUBJECT ADDED ENTRY--TOPICAL TERM
Topical term or geographic name entry element الفقه الحنفي
Source of heading or term aucsh
700 1# - ADDED ENTRY--PERSONAL NAME
Personal name خفاجي، مصطفى محمد
Relator term مراجع.
856 ## - ELECTRONIC LOCATION AND ACCESS
Uniform Resource Identifier <a href="http://dlib.nyu.edu/aco/book/nyu_aco000753/1?lang=ar">http://dlib.nyu.edu/aco/book/nyu_aco000753/1?lang=ar</a>
Link text Digital Copy
Access method نرجو الانتباه لإمكانية وجود اختلاف في الطبعة أو الناشر بين البيانات على البوابة وما ستجده على الكتاب نظرا لمحدودية المعلومات المتاحة على الموقع الناشر للمادة.
Materials specified Please note that there may be a difference in the edition or publisher between the data on the portal and the book due to the limited information available on the publisher website for the material.
856 ## - ELECTRONIC LOCATION AND ACCESS
Uniform Resource Identifier <a href="http://dl-img.home.nyu.edu/adore-djatoka/resolver?url_ver=Z39.88-2004&svc_id=info%3Alanl-repo/svc/getRegion&svc_val_fmt=info%3Aofi/fmt%3Akev%3Amtx%3Ajpeg2000&svc.format=image/jpeg&rft_id=http%3A//dlib.nyu.edu/files/books/nyu_aco000753/nyu_aco000753_afr01_d.jp2&svc.scale=230 ">http://dl-img.home.nyu.edu/adore-djatoka/resolver?url_ver=Z39.88-2004&svc_id=info%3Alanl-repo/svc/getRegion&svc_val_fmt=info%3Aofi/fmt%3Akev%3Amtx%3Ajpeg2000&svc.format=image/jpeg&rft_id=http%3A//dlib.nyu.edu/files/books/nyu_aco000753/nyu_aco000753_afr01_d.jp2&svc.scale=230 </a>
Link text CoverImage
Access method نرجو الانتباه لإمكانية وجود اختلاف في الطبعة أو الناشر بين البيانات على البوابة وما ستجده على الكتاب نظرا لمحدودية المعلومات المتاحة على الموقع الناشر للمادة.
Materials specified Please note that there may be a difference in the edition or publisher between the data on the portal and the book due to the limited information available on the publisher website for the material.
942 ## - ADDED ENTRY ELEMENTS (KOHA)
Source of classification or shelving scheme Dewey Decimal Classification
Koha item type كتاب مصور نادر
Suppress in OPAC No
949 ## - LOCAL PROCESSING INFORMATION (OCLC)
a SA-JeALM
d 260108
u mohamedma123
n 1
Holdings
Withdrawn status Lost status Source of classification or shelving scheme Damaged status Not for loan Home library Current library Date acquired Total checkouts Full call number Barcode Date last seen Price effective from Koha item type
    Dewey Decimal Classification     DR AbdElwahab Library DR AbdElwahab Library 01/19/2026   م ن 259.1 ط ر س 000022540 01/19/2026 01/19/2026 كتاب مصور نادر